000 00416nam a2200121Ia 4500
008 160712s9999 xx 000 0 und d
100 _aVelasco, Tabitha Espina.
245 _cTabitha Espina Velasco
_aThe Ube (“Roots”) Generation
260 _c2016
_bHumanities Diliman
300 _avol. 13 no. 2
650 _xHUMANITIES
856 _uhttp://journals.upd.edu.ph/index.php/humanitiesdiliman/issue/view/544/showToc
999 _c296989
_d296989